| 000 | 00347nam a22001457a 4500 | ||
|---|---|---|---|
| 008 | 231124b ||||| |||| 00| 0 eng d | ||
| 020 | _a9780801428494 | ||
| 041 | _aeng | ||
| 080 | _a618 | ||
| 082 | _a618BRO | ||
| 100 | _a15 | ||
| 101 | _aGJINEK | ||
| 245 |
_aCONTRACEPTION AND ABORTION IN 19TH -CENTRY AMERICA _cBRODIE .F.J |
||
| 942 |
_2udc _cBK |
||
| 999 |
_c60514 _d60514 |
||